000
00335 a2200157 4500
001
180101
020
_a
040
_c
Magnum
100
_a
Masur, Jandira
240
1
0
_a
As caixas que andam
_l
por
245
1
0
_a
As caixas que andam
362
0
_a
1899
440
1
_a
Ática
697
_a
MAGNITO: IJ/SOCIEDADE COTIDIAN
942
_c
BK
999
_c
180101
_d
180101